000 00280nam a2200121Ia 4500
008 240624s9999 xx 000 0 und d
041 _aeng
082 _a333.79 VAI
100 _aVAITHEESWARAN VIJAY V
245 _aPOWER TO THE PEOPLE
260 _c2003
_b 333.79 VAI
365 _c
999 _c28752
_d28752